00575cam a2200205 a 4500001000800000005001700008008004100025010001700066020003300083020002200116040001800138041000800156043001200164080001400176082001800190100000700208101000800215245008200223504006400305490623720180301041157.0940518s1995 nyua b 001 0 eng  a 94020592  a1560249188 (acid free paper) a1560238631 (pbk.) aDLCcDLCdDLC aeng an-us--- a305.8 ADL00a305.8 ADL220 a50 aSOC00aRacism in the lives of women :cJeanne Adleman, Gloria M. Enguidanos editors. aIncludes bibliographical references (p. 366-368) and index.